| 000 | 00559 a2200217 4500 | ||
|---|---|---|---|
| 260 | _aWageningen | ||
| 100 | _aENSERINK, Elizabeth Lucia | ||
| 260 | _bLandbouw Universitat | ||
| 300 | _a128 p. | ||
| 245 | _aFood mediated live history strategies in daphnia magna : their relevance to ecotoxicological evaluations | ||
| 650 | _aDaphnia | ||
| 650 | _aEcologie | ||
| 650 | _aToxicologie | ||
| 300 | _bcouv. ill. en coul. | ||
| 260 | _c1995 | ||
| 130 | _lEn | ||
| 690 | _aEcotoxicologie | ||
| 020 | _a90-5485-481-2 | ||
| 999 |
_c27865 _d27865 |
||